Ecological aspects of the mineral nutrition of plants
Guardat en:
| Autor principal: | |
|---|---|
| Format: | Llibre |
| Idioma: | anglès |
| Publicat: |
Oxford
Blackwell Scientific
1969
|
| Matèries: | |
| Etiquetes: |
Afegir etiqueta
Sense etiquetes, Sigues el primer a etiquetar aquest registre!
|
MARC
| LEADER | 00000nam a2200000 a 4500 | ||
|---|---|---|---|
| 001 | UCU2986 | ||
| 003 | CL-VaPUC | ||
| 008 | 960502e19690000UK |||||||||||||||||eng|d | ||
| 082 | 0 | 4 | |a 581.1 |b ROR |2 21 |
| 100 | 0 | |a Rorison, I. H |e author |9 359617 | |
| 245 | 1 | 0 | |a Ecological aspects of the mineral nutrition of plants |
| 300 | |a 484 p | ||
| 942 | |c BK | ||
| 945 | |d 19960502 00:00:00 |a rleighto | ||
| 260 | |a Oxford |b Blackwell Scientific |c 1969 | ||
| 650 | 0 | |a Ecología |9 258124 | |
| 650 | 0 | |a Ecosistemas |9 261477 | |
| 650 | 0 | |a Plantas |9 264555 | |
| 650 | 0 | |a Minerales |9 264051 | |
| 650 | 7 | |a FITOGEOGRAFIA |2 CL-VaPUC |9 264646 | |
| 650 | 0 | |a Árboles |9 264746 | |
| 650 | 0 | |a Botánica |9 264202 | |
| 650 | 7 | |a FLORA |2 CL-VaPUC |9 264745 | |
| 650 | 0 | |a Desarrollo vegetal |9 338112 | |
| 650 | 0 | |a Fisiología vegetal |9 260158 | |
| 583 | |a last modification |c 19960502 00:00:00 |k Rodrigo Vera | ||
| 999 | |c 247134 |d 247132 | ||